Arqueología de los espacios domésticos romanos : condiciones de vida y sociedad en la meseta nordeste durante el período imperial / (Record no. 32710)

MARC details
000 -LEADER
campo de control de longitud fija 01183nam a2200301 i 4500
001 - NÚMERO DE CONTROL
campo de control 32710
003 - IDENTIFICADOR DE NÚMERO DE CONTROL
campo de control ES-MaACL
005 - FECHA Y HORA DE LA ÚLTIMA TRANSACCIÓN
campo de control 20231118184435.0
007 - CAMPO FIJO DE DESCRIPCIÓN FÍSICA--INFORMACIÓN GENERAL
campo de control de longitud fija t|
008 - DATOS DE LONGITUD FIJA--INFORMACIÓN GENERAL
campo de control de longitud fija 020615s2014 sp abde ||||1| spa d
020 ## - NÚMERO INTERNACIONAL ESTÁNDAR DEL LIBRO
Número Internacional Estándar del Libro 978-84-96695-90-0
080 ## - NÚMERO DE LA CLASIFICACIÓN DECIMAL UNIVERSAL
Número de la Clasificación Decimal Universal 904(460):7.032(37)
080 ## - NÚMERO DE LA CLASIFICACIÓN DECIMAL UNIVERSAL
Número de la Clasificación Decimal Universal 39(460)".../04"
100 1# - ENTRADA PRINCIPAL--NOMBRE DE PERSONA
Nombre de persona Bermejo Tirado, Jesús.
9 (RLIN) 156951
245 10 - MENCIÓN DEL TÍTULO
Título Arqueología de los espacios domésticos romanos : condiciones de vida y sociedad en la meseta nordeste durante el período imperial /
Mención de responsabilidad, etc. Jesús Bermejo Tirado.
260 ## - PUBLICACIÓN, DISTRIBUCIÓN, ETC.
Lugar de publicación, distribución, etc. Soria :
Nombre del editor, distribuidor, etc. Diputación Provincial de Soria,
Fecha de publicación, distribución, etc. 2014.
300 ## - DESCRIPCIÓN FÍSICA
Extensión 431 p. :
Otras características físicas il. col. y n., gráf., mapas, planos ;
Dimensiones 24 cm +
Material acompañante/anejo 1 CD-ROM.
490 1# - MENCIÓN DE SERIE
Mención de serie Temas sorianos ;
Designación de volumen o secuencia 59
504 ## - NOTA DE BIBLIOGRAFÍA, ETC.
Nota de bibliografía, etc. Bibliografía: p. 345-404. Índices.
651 #4 - PUNTO DE ACCESO ADICIONAL DE MATERIA--NOMBRE GEOGRÁFICO
Nombre geográfico España-
Subdivisión general Restos arqueológicos romanos.
9 (RLIN) 8491
651 #4 - PUNTO DE ACCESO ADICIONAL DE MATERIA--NOMBRE GEOGRÁFICO
Nombre geográfico España-
Subdivisión general Usos y costumbres-
Subdivisión cronológica Hasta S.V.
9 (RLIN) 156952
710 1# - ENTRADA AGREGADA--NOMBRE DE ENTIDAD CORPORATIVA
Nombre de entidad corporativa o nombre de jurisdicción como elemento de entrada Soria (Provincia).
Unidad subordinada Diputación Provincial.
9 (RLIN) 6880
830 0# - PUNTO DE ACCESO ADICIONAL DE SERIE-TÍTULO UNIFORME
Título uniforme Temas sorianos ;
Designación de volumen o secuencia 59
9 (RLIN) 179839
852 ## - LOCALIZACIÓN
Ubicación ES-MaACL
Número de control de estantería A-13520
itemnumber 33931
Sublocalización o colección R.150370
Ubicación en estantería Depósito 1
Signatura antigua Olim: N-6520
852 ## - LOCALIZACIÓN
Ubicación ES-MaACL
Número de control de estantería ROT 2/7/5 (CD-ROM)
942 ## - ELEMENTOS DE ENTRADA SECUNDARIOS (KOHA)
Fuente del sistema de clasificación o colocación Clasificación decimal universal
Tipo de ítem Koha Libro impreso
Holdings
Estatus retirado Estado de pérdida Estado de daño No para préstamo Biblioteca de origen Biblioteca actual Ubicación en estantería Fecha de adquisición Fuente de adquisición Total de préstamos Signatura topográfica completa Código de barras Visto por última vez Precio de reemplazo Tipo de ítem Koha Fuente del sistema de clasificación o colocación
        Biblioteca del Ateneo de Madrid Biblioteca del Ateneo de Madrid Depósito 20/12/2016     ROT 2/7/5 1196849 23/02/2023 23/02/2023 Libro impreso  
        Biblioteca del Ateneo de Madrid Biblioteca del Ateneo de Madrid Depósito 1 02/06/2015 Donación   A-13520 1193823 23/02/2023 23/02/2023 Libro impreso Clasificación decimal universal